000 00326nam a2200133Ia 4500
008 240624s9999 xx 000 0 und d
041 _aeng
082 _a891.46 HAR
100 _aHARDIKAR ANAND
245 _aKAAYDE AZHAM
260 _c2006
_aPune
_bRajhans Prakashan
300 _axiii, : 431 : p. : cm. ; 21
365 _cRS
_b20
999 _c6907
_d6907